Estadísticas para 15 principales países con muertes de Covid-19 - 21 de junio

Haz click aquí para intentar la prueba.

Estadísticas generales

  • Esta prueba ha sido intentada 3 veces
  • La puntuación promedio es 17 de 20

Estadísticas de respuestas

país% Correcto
Brasil
100%
Canadá
100%
Chile
100%
España
100%
Estados Unidos
100%
India
100%
Irlanda
100%
Italia
100%
Perú
100%
Reino Unido
100%
Rusia
100%
Suecia
100%
Suiza
100%
Alemania
67%
Bélgica
67%
Francia
67%
Irán
67%
México
67%
Países Bajos
67%
Ecuador
33%

Distribución de puntuación

Porcentaje por número respondido

Porcentaje de gente con cada puntuación

Historial de tus puntuaciones

No has intentado esta prueba.